LIBRARY & INFORMATION CENTRE, KCAET, TAVANUR

ONLINE PUBLIC ACCESS CATALOGUE (OPAC)

Theory of cataloguing / (Record no. 5682)

MARC details
000 -LEADER
fixed length control field 00528cam a2200217ua 4500
041 ## - LANGUAGE CODE
Language code of text/sound track or separate title eng
082 ## - DEWEY DECIMAL CLASSIFICATION NUMBER
Classification number 025.3
Item number GIR/TH
100 ## - MAIN ENTRY--AUTHOR NAME
Personal name Krishna, Kumar .
245 ## - TITLE STATEMENT
Title Theory of cataloguing /
250 ## - EDITION STATEMENT
Edition statement 1 /
260 ## - PUBLICATION, DISTRIBUTION, ETC. (IMPRINT)
Place of publication New Delhi :
Name of publisher Vani Educational Books ,
Year of publication 1985.
300 ## - PHYSICAL DESCRIPTION
Number of Pages 366 ; .
700 1# - ADDED ENTRY--PERSONAL NAME
Personal name Girja , Kumar .
942 ## - ADDED ENTRY ELEMENTS (KOHA)
Koha item type Books
Holdings
Withdrawn status Lost status Damaged status Home library Current library Date acquired Full call number Accession Number Koha item type
      KAUAET KAUAET 09/03/1987 025.3 16003 Reference
      KAUAET KAUAET 09/03/1987 025.3 16028 Reference
      KAUAET KAUAET 09/03/1987 025.3 16002 Books
free website counter